[Event "BCF-chT3 0506 (4NCL)"]
[Site "Birmingham"]
[Date "2006.01.14"]
[Round "5.4"]
[White "Retallick, Lloyd"]
[Black "Boyce, G Michael"]
[Result "1-0"]
[WhiteElo "2080"]
[BlackElo "2058"]
[PlyCount "72"]
[EventDate "2005.10.22"]
[EventType "team"]
[EventRounds "11"]
[EventCountry "ENG"]
[SourceTitle "EXT 2007"]
[Source "ChessBase"]
[SourceDate "2006.11.23"]
[SourceVersion "1"]
[SourceVersionDate "2006.11.23"]
[SourceQuality "1"]
[WhiteTeam "Poisoned Pawns II"]
[BlackTeam "Bristol II"]
[WhiteTeamCountry "ENG"]
[BlackTeamCountry "ENG"]

1. d4 Nf6 2. c4 e6 3. Nc3 Bb4 4. Qc2 d5 5. Bg5 dxc4 6. e3 b5 7. Nf3 Bb7 8. Be2 h6 9. Bxf6 Qxf6 10. 0-0 a6 11. b3 cxb3 12. Qxb3 Bxc3 13. Qxc3 Nc6 14. Qc5 Qe7 15. Rfc1 Qxc5 16. Rxc5 0-0 17. Rac1 Na5 18. Nd2 Rfd8 19. f4 Rac8 20. Kf2 Kf8 21. g4 Ke7 22. Rxc7+ Rxc7 23. Rxc7+ Rd7 24. Rc3 Bd5 25. Ra3 Nc4 26. Nxc4 bxc4 27. Bf3 Rc7 28. Rc3 Bxf3 29. Kxf3 Kd6 30. e4 Rc6 31. Ke3 a5 32. Kd2 Kc7 33. Rc2 Kd6 34. Kc3 f5 35. gxf5 exf5 36. exf5 Kd5 1-0

[Event "BCF-chT2 0405 (4NCL)"]
[Site "West Bromwich"]
[Date "2005.04.09"]
[Round "7.6"]
[White "Guthrie, David"]
[Black "Boyce, G Michael"]
[Result "0-1"]
[WhiteElo "2170"]
[BlackElo "2058"]
[PlyCount "74"]
[EventDate "2004.09.18"]
[EventType "team"]
[EventRounds "11"]
[EventCountry "ENG"]
[SourceTitle "EXT 2006"]
[Source "ChessBase"]
[SourceDate "2005.11.24"]
[SourceVersion "1"]
[SourceVersionDate "2005.11.24"]
[SourceQuality "1"]
[WhiteTeam "Kings Head"]
[BlackTeam "Bristol II"]
[WhiteTeamCountry "ENG"]
[BlackTeamCountry "ENG"]

1. d4 Nf6 2. c4 e6 3. Nc3 Bb4 4. e3 0-0 5. a3 Bxc3+ 6. bxc3 c5 7. Bd3 Nc6 8. Ne2 b6 9. e4 Ne8 10. Be3 d6 11. 0-0 f5 12. f4 g6 13. Ng3 Ng7 14. d5 Na5 15. Qf3 Qf6 16. Bd2 Nb3 17. Rad1 Nxd2 18. Rxd2 Qxc3 19. Qe2 Bd7 20. Rf3 Rae8 21. e5 Qa5 22. Rd1 b5 23. h4 dxe5 24. fxe5 bxc4 25. Bxc4 exd5 26. Bxd5+ Be6 27. h5 Bxd5 28. Rxd5 Ne6 29. Rd6 Rf7 30. hxg6 hxg6 31. Rf1 Qxa3 32. Qf2 Qc3 33. Rd5 Qc4 34. Qd2 Qh4 35. Rf3 Nd4 36. Ra3 f4 37. Ne4 f3 0-1

[Event "BCF-chT3 0304 (4NCL)"]
[Site "West Bromwich"]
[Date "2004.05.31"]
[Round "9.6"]
[White "Boyce, G Michael"]
[Black "Kendall, Paul SN"]
[Result "0-1"]
[WhiteElo "2000"]
[BlackElo "1944"]
[PlyCount "45"]
[EventDate "2003.11.23"]
[EventType "team"]
[EventRounds "11"]
[EventCountry "ENG"]
[SourceTitle "EXT 2005"]
[Source "ChessBase"]
[SourceDate "2004.11.15"]
[SourceVersion "1"]
[SourceVersionDate "2004.11.15"]
[SourceQuality "1"]
[WhiteTeam "Bristol II"]
[BlackTeam "FCA Solutions"]
[WhiteTeamCountry "ENG"]
[BlackTeamCountry "ENG"]

1. Nf3 d5 2. g3 g6 3. Bg2 Bg7 4. d4 Nf6 5. c4 c6 6. 0-0 0-0 7. Nbd2 Na6 8. b3 c5 9. Bb2 cxd4 10. Bxd4 Nc7 11. Rc1 Ne6 12. Bb2 d4 13. Qc2 Nd7 14. Rfd1 Qa5 15. a3 Qh5 16. Nf1 Ne5 17. Nxd4 Nxd4 18. Bxd4 Bg4 19. Rd2 Rad8 20. Rcd1 Bh6 21. Be3 Rxd2 22. Rxd2 Bf5 23. Bxh6 0-1

[Event "BCF-chT3 0304 (4NCL)"]
[Site "West Bromwich"]
[Date "2004.05.30"]
[Round "8.7"]
[White "Gostelow, David W"]
[Black "Boyce, G Michael"]
[Result "1/2-1/2"]
[WhiteElo "1976"]
[BlackElo "2000"]
[PlyCount "121"]
[EventDate "2003.11.23"]
[EventType "team"]
[EventRounds "11"]
[EventCountry "ENG"]
[SourceTitle "EXT 2005"]
[Source "ChessBase"]
[SourceDate "2004.11.15"]
[SourceVersion "1"]
[SourceVersionDate "2004.11.15"]
[SourceQuality "1"]
[WhiteTeam "Athenaeum"]
[BlackTeam "Bristol II"]
[WhiteTeamCountry "ENG"]
[BlackTeamCountry "ENG"]

1. d4 g6 2. Nf3 Bg7 3. Bf4 d6 4. e3 Nc6 5. Nc3 Bf5 6. d5 Ne5 7. Be2 Nxf3+ 8. Bxf3 Nf6 9. e4 Bd7 10. e5 dxe5 11. Bxe5 0-0 12. Qd4 Ne8 13. 0-0-0 Bxe5 14. Qxe5 Nd6 15. h4 f6 16. Qe2 b5 17. Ne4 Nxe4 18. Bxe4 f5 19. Bd3 Rb8 20. h5 g5 21. h6 Rb6 22. Qe5 Rf7 23. Rh5 e6 24. f4 gxf4 25. Qxf4 exd5 26. Bxf5 Bxf5 27. Rxf5 Rxf5 28. Qxf5 Rxh6 29. Rxd5 Rd6 30. Qg4+ Kh8 31. Qd4+ Kg8 32. Qg4+ Kh8 33. Qd4+ Kg8 34. Rxd6 cxd6 35. Qd5+ Kg7 36. Qxb5 Qe7 37. Qf1 Qe3+ 38. Kb1 a5 39. a3 d5 40. Qd1 Qe4 41. Qd2 d4 42. b4 axb4 43. axb4 Qd5 44. Kb2 h5 45. Qe2 Kg6 46. b5 Qc5 47. Qd3+ Kg5 48. Qg3+ Kf5 49. Qb3 Qe5 50. Ka2 Qc7 51. Qd5+ Kf4 52. Qf3+ Kg5 53. Qb3 Qb6 54. Kb2 Kh6 55. Qc4 Kg5 56. Kb3 Qa5 57. Qb4 Qa1 58. Qa3 Qb1+ 59. Qb2 Qf1 60. Qxd4 Qxb5+ 61. Qb4 1/2-1/2

[Event "BCF-chT3b 0001 (4NCL)"]
[Site "Birmingham"]
[Date "2000.11.26"]
[Round "4.4"]
[White "Milnes, Anthony CP"]
[Black "Boyce, G Michael"]
[Result "1-0"]
[WhiteElo "1896"]
[BlackElo "2000"]
[PlyCount "55"]
[EventDate "2000.11.26"]
[EventType "team-tourn"]
[EventRounds "7"]
[EventCountry "ENG"]
[SourceTitle "EXT 2002"]
[Source "ChessBase"]
[SourceDate "2001.11.25"]
[SourceVersion "1"]
[SourceVersionDate "2001.11.25"]
[SourceQuality "1"]
[WhiteTeam "BCCA II"]
[BlackTeam "Bristol III"]
[WhiteTeamCountry "ENG"]
[BlackTeamCountry "ENG"]

1. e4 c5 2. Nc3 e6 3. f4 d5 4. Nf3 d4 5. Bb5+ Nd7 6. Ne2 a6 7. Bxd7+ Qxd7 8. d3 Nf6 9. 0-0 b5 10. Ng3 Qc7 11. Ne5 h5 12. Bd2 Bd6 13. Ne2 Bb7 14. c3 dxc3 15. Bxc3 c4 16. dxc4 Nxe4 17. Rc1 Nxc3 18. Rxc3 Bxe5 19. fxe5 Qxe5 20. Rd3 bxc4 21. Rd7 Qe4 22. Rf2 0-0 23. Ng3 Qc6 24. Nxh5 g6 25. Nf6+ Kg7 26. Qd4 Rac8 27. Ne8+ Kh6 28. Qh4# 1-0